000 00818nam a2200253Ia 4500
003 OSt
005 20220930092425.0
006 a|||||r|||| 00| 0
007 ta
008 220926b |||||||| |||| 00| 0 eng d
024 _a21166
037 _cTheses
040 _aCRL
_cCRL
_beng
041 _2eng
_aeng
100 _aYogesh Kumar
110 _aUniversity of Delhi. Faculty of Science. Department of Chemistry
245 0 _aMicrowave-assisted, D-glucose mediated synthesis of triazoles, triazolylated-benzimidazoles and triazolylated-thiazolidinones
260 _c2013
650 _aCHEMISTRY
700 _a Dr. B. K. Singh Gu.
_9548733
700 _aUniversity of Delhi. Faculty of Science. Department of Chemistry
942 _cDIS
_2CC
999 _c883750
_d883750